| 000 -LEADER |
| fixed length control field |
00872nmm a2200265 a 4500 |
| 001 - CONTROL NUMBER |
| control field |
ocm000663713 |
| 003 - CONTROL NUMBER IDENTIFIER |
| control field |
TR-IsHL |
| 005 - DATE AND TIME OF LATEST TRANSACTION |
| control field |
20201028142603.0 |
| 008 - FIXED-LENGTH DATA ELEMENTS--GENERAL INFORMATION |
| fixed length control field |
140104s1997 tu tur |
| 007 - PHYSICAL DESCRIPTION FIXED FIELD--GENERAL INFORMATION |
| fixed length control field |
cr cn |
| 020 ## - INTERNATIONAL STANDARD BOOK NUMBER |
| International Standard Book Number |
9789757244820 |
| 035 ## - SYSTEM CONTROL NUMBER |
| System control number |
663713 |
| -- |
(N$T) |
| 050 04 - LIBRARY OF CONGRESS CALL NUMBER |
| Classification number |
BP63.T9 |
| Item number |
O48 1997 |
| 090 04 - LOCALLY ASSIGNED LC-TYPE CALL NUMBER (OCLC); LOCAL CALL NUMBER (RLIN) |
| Classification number (OCLC) (R) ; Classification number, CALL (RLIN) (NR) |
BP63.T9 |
| Local cutter number (OCLC) ; Book number/undivided call number, CALL (RLIN) |
O48 1997 |
| 100 1# - MAIN ENTRY--PERSONAL NAME |
| Personal name |
Okur, Ekmel Ali |
| 245 10 - TITLE STATEMENT |
| Title |
Bir müslümanın itirafları tarikat gerçeği |
| Medium |
[electronic resource] / |
| Statement of responsibility, etc. |
Ekmel Ali Okur |
| 260 ## - PUBLICATION, DISTRIBUTION, ETC. |
| Place of publication, distribution, etc. |
İstanbul : |
| Name of publisher, distributor, etc. |
Toplumsal Dönüşüm Yayınları, |
| Date of publication, distribution, etc. |
1997 |
| 300 ## - PHYSICAL DESCRIPTION |
| Extent |
376 p. |
| 650 #4 - SUBJECT ADDED ENTRY--TOPICAL TERM |
| Topical term or geographic name entry element |
Tarih |
| 650 #4 - SUBJECT ADDED ENTRY--TOPICAL TERM |
| Topical term or geographic name entry element |
History |
| 650 #0 - SUBJECT ADDED ENTRY--TOPICAL TERM |
| Topical term or geographic name entry element |
İslam mezhepleri |
| General subdivision |
Türkiye |
| -- |
Tarih |
| 650 #0 - SUBJECT ADDED ENTRY--TOPICAL TERM |
| Topical term or geographic name entry element |
Islamic sects |
| General subdivision |
Turkey |
| -- |
History |
| 650 #7 - SUBJECT ADDED ENTRY--TOPICAL TERM |
| Topical term or geographic name entry element |
RELIGION / Islam / General |
| Source of heading or term |
bisacsh |
| 856 40 - ELECTRONIC LOCATION AND ACCESS |
| Uniform Resource Identifier |
<a href="http://search.ebscohost.com/login.aspx?direct=true&scope=site&db=e011xww&AN=663713">http://search.ebscohost.com/login.aspx?direct=true&scope=site&db=e011xww&AN=663713</a> |